[Event "LSS No Engine Cup 39 Preliminary 6"]
[Site "LSS email"]
[Date "2011.03.15"]
[Round "?"]
[White "Bogric, Robert"]
[Black "Jenneborg, Seved"]
[Result "0-1"]
[WhiteElo "848"]
[BlackElo "1685"]
[PlyCount "94"]
[EventDate "2011.03.16"]
[EventType "tourn (corr)"]
[EventRounds "6"]
[EventCountry "GER"]
[SourceTitle "Telechess CBM 147"]
[Source "ChessBase"]
[SourceDate "2012.03.16"]
[SourceVersion "1"]
[SourceVersionDate "2012.03.16"]
[SourceQuality "1"]

1. d4 Nf6 2. c4 e6 3. Nf3 b6 4. Nc3 Bb7 5. e4 Nxe4 6. Nxe4 Bxe4 7. Bd3 Bb4+ 8. Bd2 Bxd3 9. Bxb4 Bxc4 10. Qc2 Bd5 11. Qd3 Qf6 12. a3 Nc6 13. Bc3 0-0 14. 0-0-0 Qg6 15. Qxg6 fxg6 16. Rd3 Be4 17. Re3 Bxf3 18. gxf3 Rf4 19. h4 Raf8 20. Rh3 Nxd4 21. Bxd4 Rxd4 22. Kc2 Rdf4 23. b4 c6 24. Kd3 R8f6 25. Ke2 Rc4 26. Kd2 d5 27. h5 Rcf4 28. hxg6 Rxg6 29. Ke2 Rgf6 30. Rg3 R4f5 31. Rc3 e5 32. Rg2 h5 33. Rh2 g6 34. a4 Rf4 35. Rb3 Rc4 36. Ke3 Rc2 37. a5 Rf4 38. axb6 axb6 39. Rg2 Kf7 40. b5 c5 41. Ra3 Rb2 42. Ra7+ Kf6 43. Rd7 Ke6 44. Rd8 d4+ 45. Kd3 e4+ 46. fxe4 Rf3+ 47. Kc4 Rb4# 0-1

[Event "LSS No Engine Cup 39 Preliminary 6"]
[Site "LSS email"]
[Date "2011.03.15"]
[Round "?"]
[White "Stadler, Pavel"]
[Black "Bogric, Robert"]
[Result "1-0"]
[WhiteElo "1499"]
[BlackElo "848"]
[PlyCount "29"]
[EventDate "2011.03.16"]
[EventType "tourn (corr)"]
[EventRounds "6"]
[EventCountry "GER"]
[SourceTitle "Corr 2015"]
[Source "ChessBase"]
[SourceDate "2015.07.17"]
[SourceVersion "1"]
[SourceVersionDate "2015.07.17"]
[SourceQuality "1"]

1. e4 c5 2. Nf3 e6 3. d4 b6 4. d5 exd5 5. exd5 d6 6. c4 Bg4 7. Bd3 Qf6 8. Nc3 a6 9. 0-0 Bxf3 10. Re1+ Be7 11. gxf3 Nd7 12. Ne4 Qg6+ 13. Ng3 Qf6 14. Nh5 Qh4 15. Nxg7+ 1-0

[Event "LSS No Engine Cup 30 Preliminary 6"]
[Site "LSS email"]
[Date "2010.11.02"]
[Round "?"]
[White "Herzog, Klaus"]
[Black "Bogric, Robert"]
[Result "1-0"]
[WhiteElo "1826"]
[BlackElo "863"]
[PlyCount "47"]
[EventDate "2010.11.03"]
[EventType "tourn (corr)"]
[EventRounds "6"]
[EventCountry "GER"]
[SourceTitle "Telechess CBM 143"]
[Source "ChessBase"]
[SourceDate "2011.07.15"]
[SourceVersion "1"]
[SourceVersionDate "2011.07.15"]
[SourceQuality "1"]

1. d4 d5 2. c4 Nf6 3. cxd5 Nxd5 4. e4 Nb6 5. Nc3 g6 6. h3 Bg7 7. Nf3 e6 8. Be2 Nc6 9. Bg5 f6 10. Bh4 0-0 11. 0-0 g5 12. Bg3 h5 13. d5 exd5 14. Nxd5 Nxd5 15. exd5 Ne7 16. Bc4 Kh7 17. d6 cxd6 18. Bxd6 g4 19. Re1 gxf3 20. Rxe7 Re8 21. Qd3+ Kh8 22. Rae1 Rxe7 23. Rxe7 b5 24. Qg6 1-0

[Event "LSS RN-2010-0-00326"]
[Site "LSS email"]
[Date "2010.10.16"]
[Round "?"]
[White "Bogric, Robert"]
[Black "Hughes, Chris"]
[Result "1-0"]
[WhiteElo "841"]
[BlackElo "695"]
[PlyCount "43"]
[EventDate "2010.10.01"]
[EventType "tourn (corr)"]
[EventRounds "6"]
[EventCountry "GER"]
[SourceTitle "Telechess CBM 143"]
[Source "ChessBase"]
[SourceDate "2011.07.15"]
[SourceVersion "1"]
[SourceVersionDate "2011.07.15"]
[SourceQuality "1"]

1. d4 Nf6 2. Nf3 e6 3. c4 b6 4. Nc3 Bb7 5. Bg5 h6 6. Bh4 Bb4 7. Qc2 g5 8. Bg3 Ne4 9. Nd2 f5 10. Ndxe4 Bxe4 11. Qb3 Bxc3+ 12. Qxc3 f4 13. d5 Rh7 14. f3 Bg6 15. Bf2 Qe7 16. dxe6 Qxe6 17. g3 Nc6 18. gxf4 gxf4 19. 0-0-0 0-0-0 20. h4 d6 21. h5 Bf7 22. Bh3 1-0

[Event "LSS RN-2010-0-00326"]
[Site "LSS email"]
[Date "2010.10.16"]
[Round "?"]
[White "Vontina, Maria"]
[Black "Bogric, Robert"]
[Result "0-1"]
[WhiteElo "675"]
[BlackElo "858"]
[PlyCount "90"]
[EventDate "2010.10.01"]
[EventType "tourn (corr)"]
[EventRounds "6"]
[EventCountry "GER"]
[SourceTitle "Telechess CBM 143"]
[Source "ChessBase"]
[SourceDate "2011.07.15"]
[SourceVersion "1"]
[SourceVersionDate "2011.07.15"]
[SourceQuality "1"]

1. e4 e6 2. d4 g6 3. c4 Bg7 4. Nc3 Ne7 5. Nf3 0-0 6. Be2 b6 7. 0-0 Bb7 8. Bg5 f6 9. Bh4 d6 10. Qc2 Nd7 11. a3 a6 12. Rac1 f5 13. exf5 Rxf5 14. Qd1 Qf8 15. Bg3 Qf7 16. Qd3 Rf8 17. b4 Qf6 18. Bh4 g5 19. Bg3 h5 20. h3 g4 21. hxg4 hxg4 22. Nh2 Qxd4 23. Qxd4 Bxd4 24. Bxg4 Bxc3 25. Rxc3 R5f6 26. Bh4 Nf5 27. Bxf6 Rxf6 28. Re1 e5 29. Bf3 Bc8 30. Bd5+ Kg7 31. Rh3 c5 32. Ng4 Rg6 33. g3 Rxg4 34. Kg2 Nf6 35. Bf3 Rxc4 36. bxc5 bxc5 37. Bc6 Rc3 38. a4 Nd4 39. Be4 Bxh3+ 40. Kxh3 Nxe4 41. Rxe4 Kf6 42. Re1 Ra3 43. Kg2 Rxa4 44. Rb1 Nb5 45. Kf1 d5 0-1

[Event "CP-2010-P-00044"]
[Site "LSS email"]
[Date "2010.09.28"]
[Round "?"]
[White "Bogric, Robert"]
[Black "Daenen, Serge"]
[Result "0-1"]
[WhiteElo "861"]
[BlackElo "2207"]
[PlyCount "100"]
[EventDate "2010.10.01"]
[EventType "tourn (corr)"]
[EventRounds "6"]
[EventCountry "GER"]
[SourceTitle "Telechess CBM 143"]
[Source "ChessBase"]
[SourceDate "2011.07.15"]
[SourceVersion "1"]
[SourceVersionDate "2011.07.15"]
[SourceQuality "1"]

1. d4 f5 2. c4 g6 3. Nf3 Nf6 4. Nc3 Bg7 5. g3 0-0 6. Bg2 d6 7. Qc2 c6 8. 0-0 a5 9. Bg5 Kh8 10. Rad1 Na6 11. a3 Qc7 12. c5 Be6 13. cxd6 exd6 14. Nh4 Qf7 15. Nf3 Bb3 16. Qd2 Ne4 17. Nxe4 fxe4 18. Nh4 Bxd1 19. Qxd1 Rae8 20. Bh1 Nc7 21. Ng2 Qd5 22. Be3 Ne6 23. Nf4 Nxf4 24. Bxf4 Bxd4 25. Qd2 Rf5 26. e3 Bg7 27. Rd1 Qxd2 28. Rxd2 Rd5 29. Rxd5 cxd5 30. Bxd6 Bxb2 31. Bg2 Re6 32. Bc5 Rc6 33. Be7 Kg7 34. h4 h6 35. f3 Bc1 36. fxe4 Bxe3+ 37. Kf1 dxe4 38. Ke2 Bc1 39. Bd8 Rc2+ 40. Kf1 Bxa3 41. Bxa5 e3 42. Be4 Rf2+ 43. Ke1 b6 44. Bc3+ Kf7 45. Bd3 Bc1 46. Bd4 Bd2+ 47. Kd1 Rg2 48. Bxb6 Rxg3 49. Bf1 Rg4 50. Bc4+ Rxc4 0-1

[Event "CP-2010-P-00044"]
[Site "LSS email"]
[Date "2010.09.28"]
[Round "?"]
[White "Schubert, Steffen"]
[Black "Bogric, Robert"]
[Result "1-0"]
[WhiteElo "1975"]
[BlackElo "914"]
[PlyCount "23"]
[EventDate "2010.10.01"]
[EventType "tourn (corr)"]
[EventRounds "6"]
[EventCountry "GER"]
[SourceTitle "Corr 2015"]
[Source "ChessBase"]
[SourceDate "2015.07.17"]
[SourceVersion "1"]
[SourceVersionDate "2015.07.17"]
[SourceQuality "1"]

1. e4 e6 2. d4 g6 3. Nf3 Bg7 4. Nc3 Ne7 5. h4 b6 6. h5 Bb7 7. h6 Bf8 8. Bg5 d6 9. Bf6 Rg8 10. Ng5 Nd7 11. Qf3 Nxf6 12. Qxf6 1-0

[Event "OP-2010-0-01264"]
[Site "LSS email"]
[Date "2010.09.16"]
[Round "?"]
[White "Bogric, Robert"]
[Black "Zalascek, Vlado"]
[Result "1-0"]
[WhiteElo "812"]
[BlackElo "1044"]
[PlyCount "89"]
[EventDate "2010.09.10"]
[EventType "tourn (corr)"]
[EventRounds "4"]
[EventCountry "GER"]
[SourceTitle "Telechess CBM 143"]
[Source "ChessBase"]
[SourceDate "2011.07.15"]
[SourceVersion "1"]
[SourceVersionDate "2011.07.15"]
[SourceQuality "1"]

1. d4 e6 2. Nf3 d5 3. Bf4 Nf6 4. e3 Nc6 5. a3 Be7 6. c4 dxc4 7. Bxc4 0-0 8. Nc3 Na5 9. Ba2 a6 10. 0-0 h6 11. Rc1 Bd6 12. Bg3 b5 13. b4 Nb7 14. Ne5 Bxe5 15. Bxe5 Nd6 16. Bb1 Nc4 17. f4 Nxe3 18. Qd3 Nf5 19. Bxf6 Qxf6 20. g4 Qg6 21. h3 Nh4 22. Qxg6 Nxg6 23. f5 exf5 24. gxf5 Ne7 25. f6 Ng6 26. Kh2 Be6 27. d5 Bd7 28. Ne4 Ra7 29. fxg7 Kxg7 30. Nf6 Bc8 31. Nh5+ Kg8 32. Rc6 Bd7 33. Nf6+ Kg7 34. Nxd7 Rd8 35. Nf6 Ne5 36. Rg1+ Kh8 37. Rc3 Nd7 38. Nxd7 Rxd7 39. Rcg3 Ra8 40. Rg7 f5 41. Rxd7 Rf8 42. Rxc7 Rf6 43. Rc6 Rxc6 44. dxc6 f4 45. c7 1-0

[Event "LSS RN-2010-0-00315"]
[Site "LSS email"]
[Date "2010.09.15"]
[Round "?"]
[White "Bogric, Robert"]
[Black "Lebduska, Daniel"]
[Result "1-0"]
[WhiteElo "807"]
[BlackElo "522"]
[PlyCount "49"]
[EventDate "2010.08.24"]
[EventType "tourn (corr)"]
[EventRounds "6"]
[EventCountry "GER"]
[SourceTitle "Telechess CBM 143"]
[Source "ChessBase"]
[SourceDate "2011.07.15"]
[SourceVersion "1"]
[SourceVersionDate "2011.07.15"]
[SourceQuality "1"]

1. d4 c6 2. e4 d5 3. Nc3 a6 4. Bf4 Nd7 5. e5 e6 6. Nf3 h6 7. h4 Ngf6 8. exf6 Nxf6 9. a3 Bd6 10. Ne5 Qc7 11. Qd2 Bxe5 12. Bxe5 Qe7 13. f3 0-0 14. g4 Nd7 15. Bf4 g5 16. hxg5 e5 17. dxe5 Nxe5 18. 0-0-0 Nxf3 19. Qd3 Nxg5 20. Rxh6 Bxg4 21. Bd6 Qd8 22. Qd4 f6 23. Qxg4 Qxd6 24. Qxg5+ fxg5 25. Rxd6 1-0

[Event "OP-2010-0-01264"]
[Site "LSS email"]
[Date "2010.09.15"]
[Round "?"]
[White "Salazar Moran, Alejandro Fortunato"]
[Black "Bogric, Robert"]
[Result "1-0"]
[WhiteElo "1718"]
[BlackElo "802"]
[PlyCount "69"]
[EventDate "2010.09.10"]
[EventType "tourn (corr)"]
[EventRounds "4"]
[EventCountry "GER"]
[SourceTitle "Telechess CBM 143"]
[Source "ChessBase"]
[SourceDate "2011.07.15"]
[SourceVersion "1"]
[SourceVersionDate "2011.07.15"]
[SourceQuality "1"]

1. e4 e6 2. d4 d5 3. Nc3 dxe4 4. Nxe4 f5 5. Ng3 Nf6 6. Nf3 Bd6 7. Bc4 0-0 8. Nxf5 Kh8 9. Nxd6 cxd6 10. 0-0 b6 11. Re1 Bb7 12. Ng5 d5 13. Nxe6 Qc8 14. Bd3 Re8 15. Ng5 Nc6 16. Nf7+ Kg8 17. Nd6 Rxe1+ 18. Qxe1 Qd7 19. Bf4 Nxd4 20. Rd1 Nc6 21. Bf5 Qc7 22. Bg3 Rd8 23. Qe6+ Kf8 24. Nxb7 Qxb7 25. c4 d4 26. Bd6+ Ne7 27. Rxd4 Ne8 28. Bxe7+ Qxe7 29. Qxe7+ Kxe7 30. Rxd8 Kxd8 31. Bxh7 Ke7 32. f4 a5 33. Kf2 a4 34. Ke3 Kd6 35. Kd4 1-0

[Event "LSS ZN-2010-0-01013"]
[Site "LSS email"]
[Date "2010.04.25"]
[Round "?"]
[White "Bogric, Robert"]
[Black "Yangibayev, N."]
[Result "1-0"]
[WhiteElo "1243"]
[BlackElo "969"]
[PlyCount "69"]
[EventDate "2010.04.22"]
[EventType "match (corr)"]
[EventRounds "2"]
[EventCountry "GER"]
[SourceTitle "Corr 2024"]
[Source "ChessBase"]
[SourceDate "2023.10.19"]
[SourceVersion "1"]
[SourceVersionDate "2023.10.19"]
[SourceQuality "1"]

1. e4 c6 2. Nc3 d5 3. exd5 cxd5 4. d4 Bf5 5. Nf3 Nf6 6. Bf4 e6 7. a3 Be7 8. Nh4 Bg4 9. Be2 Bxe2 10. Qxe2 Nbd7 11. Nf3 Rc8 12. 0-0 0-0 13. Rae1 a6 14. Ne5 Qb6 15. Nxd7 Nxd7 16. Nxd5 Qd8 17. Nxe7+ Qxe7 18. d5 Nc5 19. dxe6 Nxe6 20. Rd1 Qf6 21. Be5 Nf4 22. Bxf4 Qxf4 23. c3 Rc6 24. Rd4 Qc7 25. Rfd1 Rh6 26. h3 Rg6 27. Rd7 Qc6 28. f3 h6 29. R1d4 Re6 30. Qd3 Qb6 31. b4 Rfe8 32. Kh2 Re2 33. Rd8 Qc7+ 34. f4 g5 35. Qxe2 1-0

[Event "LSS BI-2010-P-00033"]
[Site "LSS email"]
[Date "2010.04.19"]
[Round "?"]
[White "Bogric, Robert"]
[Black "Varend, Erik"]
[Result "0-1"]
[WhiteElo "868"]
[BlackElo "1725"]
[PlyCount "42"]
[EventDate "2010.04.22"]
[EventType "tourn (corr)"]
[EventRounds "10"]
[EventCountry "GER"]
[SourceTitle "Telechess CBM 145"]
[Source "Chessbase"]
[SourceDate "2011.11.11"]
[SourceVersion "1"]
[SourceVersionDate "2011.11.11"]
[SourceQuality "1"]

1. d4 Nf6 2. Nf3 g6 3. c4 Bg7 4. Nc3 d5 5. Bf4 0-0 6. e3 c5 7. Bd3 Nc6 8. cxd5 cxd4 9. exd4 Nxd5 10. Nxd5 Qxd5 11. 0-0 Nxd4 12. Nxd4 Qxd4 13. Bc1 Be6 14. Qe2 Rfd8 15. Be4 Bc4 16. Qf3 Bxf1 17. Kxf1 Qc4+ 18. Ke1 Rd6 19. Bxb7 Bxb2 20. Bxb2 Re6+ 21. Qe3 Qb4+ 0-1

[Event "LSS BI-2010-P-00033"]
[Site "LSS email"]
[Date "2010.04.19"]
[Round "?"]
[White "Grego, Luis Jose Gonzaga"]
[Black "Bogric, Robert"]
[Result "1-0"]
[WhiteElo "1925"]
[BlackElo "824"]
[PlyCount "37"]
[EventDate "2010.04.22"]
[EventType "tourn (corr)"]
[EventRounds "10"]
[EventCountry "GER"]
[SourceTitle "Telechess CBM 141"]
[Source "ChessBase"]
[SourceDate "2011.03.17"]
[SourceVersion "1"]
[SourceVersionDate "2011.03.17"]
[SourceQuality "1"]

1. d4 d5 2. c4 Nf6 3. cxd5 Nxd5 4. e4 Nf6 5. Nc3 e6 6. Nf3 Nc6 7. Bb5 Bd7 8. 0-0 Be7 9. a3 0-0 10. Qc2 a6 11. Bd3 g6 12. Rd1 Qc8 13. d5 exd5 14. exd5 Nd8 15. Bg5 Bg4 16. Re1 Qd7 17. Rxe7 Qxe7 18. Ne4 Nxd5 19. Bxe7 1-0

[Event "OP-2010-0-01121"]
[Site "LSS email"]
[Date "2010.04.03"]
[Round "?"]
[White "Zakharov, Oleg Yu"]
[Black "Bogric, Robert"]
[Result "1-0"]
[WhiteElo "2185"]
[BlackElo "1292"]
[PlyCount "21"]
[EventDate "2010.03.19"]
[EventType "tourn (corr)"]
[EventRounds "4"]
[EventCountry "GER"]
[SourceTitle "Corr 2022"]
[Source "ChessBase"]
[SourceDate "2021.10.24"]
[SourceVersion "1"]
[SourceVersionDate "2021.10.24"]
[SourceQuality "1"]

1. e4 e6 2. d4 c5 3. Nf3 Nf6 4. e5 Ne4 5. d5 Be7 6. d6 Bg5 7. Nxg5 Nxg5 8. h4 Ne4 9. Qg4 f5 10. Qxg7 Rf8 11. Bh6 1-0

[Event "LSS SN-2010-0-00227"]
[Site "LSS email"]
[Date "2010.03.04"]
[Round "?"]
[White "Bogric, Robert"]
[Black "Lebduska, Daniel"]
[Result "1-0"]
[WhiteElo "880"]
[BlackElo "607"]
[PlyCount "41"]
[EventDate "2010.02.19"]
[EventType "tourn (corr)"]
[EventRounds "6"]
[EventCountry "GER"]
[SourceTitle "Corr 2013"]
[Source "ChessBase"]
[SourceDate "2012.11.12"]
[SourceVersion "1"]
[SourceVersionDate "2012.11.12"]
[SourceQuality "1"]
[WhiteTeam "US of America"]
[BlackTeam "US of America"]
[WhiteTeamCountry "USA"]
[BlackTeamCountry "USA"]

1. d4 d5 2. Nf3 Nc6 3. Bf4 e6 4. e3 a6 5. c4 Bb4+ 6. Nbd2 dxc4 7. Bxc4 b5 8. Bd3 h6 9. a3 Ba5 10. b4 Bb6 11. 0-0 Nf6 12. Rc1 Bb7 13. Ne5 0-0 14. Nxc6 Bxc6 15. Rxc6 Qd5 16. Qc2 a5 17. Bxc7 Bxc7 18. Rxc7 axb4 19. axb4 Ra2 20. Qc3 Rfa8 21. Rc8+ 1-0

[Event "LSS ZN-2010-0-00949"]
[Site "LSS email"]
[Date "2010.03.04"]
[Round "?"]
[White "Loginov, Pavel"]
[Black "Bogric, Robert"]
[Result "1-0"]
[WhiteElo "800"]
[BlackElo "844"]
[PlyCount "59"]
[EventDate "2010.02.28"]
[EventType "match (corr)"]
[EventRounds "2"]
[EventCountry "GER"]
[SourceTitle "Corr 2013"]
[Source "ChessBase"]
[SourceDate "2012.11.12"]
[SourceVersion "1"]
[SourceVersionDate "2012.11.12"]
[SourceQuality "1"]

1. e4 c5 2. Nf3 g6 3. d4 Bg7 4. dxc5 Qa5+ 5. c3 Qxc5 6. Be3 Qa5 7. Bc4 Nc6 8. Qd5 Qxd5 9. Bxd5 Nf6 10. 0-0 Nxd5 11. exd5 Ne5 12. Nxe5 Bxe5 13. Re1 d6 14. Na3 b6 15. Nc4 Bg7 16. Bg5 f6 17. Nxd6+ Kd7 18. Nxc8 Raxc8 19. Be3 h6 20. a4 Rc7 21. a5 b5 22. Bd4 Re8 23. Re6 Rf8 24. Rae1 Rf7 25. Ra6 g5 26. Rxa7 Kc8 27. Rxc7+ Kxc7 28. a6 Kb8 29. Re6 Ka8 30. d6 1-0

[Event "LSS RN-2010-0-00269"]
[Site "LSS email"]
[Date "2010.03.04"]
[Round "?"]
[White "Zalascek, Vlado"]
[Black "Bogric, Robert"]
[Result "1/2-1/2"]
[WhiteElo "924"]
[BlackElo "886"]
[PlyCount "78"]
[EventDate "2010.02.24"]
[EventType "tourn (corr)"]
[EventRounds "6"]
[EventCountry "GER"]
[SourceTitle "Corr 2013"]
[Source "ChessBase"]
[SourceDate "2012.11.12"]
[SourceVersion "1"]
[SourceVersionDate "2012.11.12"]
[SourceQuality "1"]

1. e4 c5 2. Qf3 Nc6 3. c3 e6 4. Bb5 Nge7 5. d3 a6 6. Ba4 b5 7. Bb3 Bb7 8. Qg3 g6 9. Nf3 Bg7 10. 0-0 Na5 11. Bc2 f5 12. e5 Qc7 13. Bf4 Nac6 14. Re1 Rd8 15. d4 cxd4 16. cxd4 0-0 17. Bb3 Qb6 18. Be3 Na5 19. d5 Qxe3 20. Rxe3 f4 21. Qg5 fxe3 22. Qxe7 Nxb3 23. axb3 exf2+ 24. Kxf2 Bxd5 25. Nbd2 Bxe5 26. Kg1 Bxb2 27. Rxa6 b4 28. Ng5 Bd4+ 29. Kh1 Bg7 30. Qxb4 Rc8 31. Qa3 Rf2 32. Ngf3 Rc2 33. Ra8+ Bxa8 34. Qxa8+ Kf7 35. Ng5+ Ke7 36. Qa3+ Ke8 37. Qa8+ Ke7 38. Qa3+ Ke8 39. Qa8+ Ke7 1/2-1/2

[Event "OP-2010-0-01075"]
[Site "LSS email"]
[Date "2010.02.09"]
[Round "?"]
[White "Bogric, Robert"]
[Black "Dzulynski, Marek"]
[Result "0-1"]
[WhiteElo "876"]
[BlackElo "1667"]
[PlyCount "48"]
[EventDate "2010.02.03"]
[EventType "tourn (corr)"]
[EventRounds "4"]
[EventCountry "GER"]
[SourceTitle "Corr 2013"]
[Source "ChessBase"]
[SourceDate "2012.11.12"]
[SourceVersion "1"]
[SourceVersionDate "2012.11.12"]
[SourceQuality "1"]

1. d4 Nf6 2. Nf3 e6 3. Bg5 c5 4. c4 cxd4 5. Qxd4 Be7 6. Nc3 Nc6 7. Qd2 0-0 8. e3 d5 9. Bxf6 Bxf6 10. cxd5 exd5 11. Be2 d4 12. exd4 Nxd4 13. Nxd4 Qxd4 14. Qxd4 Bxd4 15. 0-0 Be6 16. Rfd1 Rad8 17. a3 Bb3 18. Rd3 Bc4 19. Rd2 Bxf2+ 20. Kxf2 Rxd2 21. Ke1 Rxe2+ 22. Nxe2 Re8 23. Rc1 Rxe2+ 24. Kd1 Re4 0-1